000 00891nam a22002057a 4500
999 _c7078
_d7078
003 AR-CdUCM
008 190319b ||||| |||| 00| 0 spa d
040 _aMUNICIPALIDAD PROVINCIAL DEL CUSCO
_cBIBLIOTECA MUNICIPAL DEL CUSCO
082 _a332.401 /
_bB28
100 _aBaudin, Louis
_916388
245 _aLa moneda :
_blo que todos debieran conocer /
260 _aBuenos Aires,
_bHachete,
_c1939.
300 _a204 páginas ;
_c18.5 cm.
500 _aDonación familia Nieto.
505 _aContenido: La moneda se forma espontaneamente -- La moneda se forma gradualmente desde los bloques de sal, hasta las cifras en banca -- El tiempo es un elemento de la moneda -- El Estado no es ni todopoderoso ni impotente -- La naturaleza de la moneda no tiene nada de misterioso ...
650 _aMoneda.
_95487
650 _aCuestión monetaria.
_97311
942 _2ddc
_cLIBROS
945 _aafb